Welcome to CU Library Online Public Access Catalogue (OPAC)

GALATIANS (Record no. 7047)

MARC details
000 -LEADER
fixed length control field 00331nam a22001337a 4500
005 - DATE AND TIME OF LATEST TRANSACTION
control field 20250718124104.0
008 - FIXED-LENGTH DATA ELEMENTS--GENERAL INFORMATION
fixed length control field 250718b |||||||| |||| 00| 0 eng d
050 ## - LIBRARY OF CONGRESS CALL NUMBER
Classification number BS2685
Item number .3 OSI
100 ## - MAIN ENTRY--PERSONAL NAME
Personal name OSIEK CAROLYN
245 ## - TITLE STATEMENT
Title GALATIANS
260 ## - PUBLICATION, DISTRIBUTION, ETC.
Place of publication, distribution, etc. WILMINGTON
Name of publisher, distributor, etc. MICHAEL GLAZIER, INC
Date of publication, distribution, etc. c1980
300 ## - PHYSICAL DESCRIPTION
Extent viii, 95p
942 ## - ADDED ENTRY ELEMENTS (KOHA)
Source of classification or shelving scheme Library of Congress Classification
Koha item type Books
Suppress in OPAC No
999 ## -
-- 7047
-- 7047
Holdings
Withdrawn status Lost status Source of classification or shelving scheme Damaged status Not for loan Collection Home library Current library Shelving location Date acquired Total checkouts Full call number Barcode Date last seen Copy number Price effective from Koha item type
    Library of Congress Classification     Non-fiction Undergraduate Library (Christ Temple) Undergraduate Library (Christ Temple) General stacks 07/18/2025   BS2685.3 OSI ulct00003954 07/18/2025 1 07/18/2025 Books
© 2023-2024 Copyright: Central University Libraries. All Rights Reserved | Created by: Mahone Tech Office